Coupe du Monde de Futsal: les 4 premières places - Statistiques

Statistiques générales
  • Ce quiz a été pris 114 fois
  • Le résultat moyen est 9 sur 12
Statistiques - réponses
Réponse % Correct
Brésil
97%
Espagne
97%
Argentine
94%
Portugal
89%
Italie
84%
Colombie
81%
Russie
76%
Pays-Bas
75%
Etats-Unis
70%
Belgique
51%
Iran
36%
Ukraine
33%
Aucun quiz correspondant
Distribution des résultats
% des personnes avec chaque résultat
Percentile par nombre de réponses
Votre historique - résultats
Vous n’avez pas pris ce quiz